000 00447nam a2200181Ia 4500
001 2142
005 20260306143820.0
008 260306t2019||||xx |||||||||||||| ||spa||
041 _aESP
082 _a615.7
_bB85
100 _aBrunton, Laurence L.,
_eAUT
245 0 _aLas bases farmacológicas de la terapéutica
260 _c2019
300 _axiii, 1419 páginas :
_c27 cm.
650 _aGEN
654 _aCCS
942 _cLIB
_dJUS
_fJUS
_2ddc
_n
999 _c2142
_d2142